LIBRARY ONLINE CATALOGUE

The Rise and Fall of Strategic planning/ (Record no. 18666)

MARC details
000 -LEADER
fixed length control field 00451nam a22001577a 4500
008 - FIXED-LENGTH DATA ELEMENTS--GENERAL INFORMATION
fixed length control field 201210b xxu||||| |||| 00| 0 eng d
020 ## - INTERNATIONAL STANDARD BOOK NUMBER
International Standard Book Number 9780273650379
040 ## - CATALOGING SOURCE
Original cataloging agency KABU
Transcribing agency KABU
050 ## - LIBRARY OF CONGRESS CALL NUMBER
Classification number HD 30.28
Item number .M56 2000 C.1
100 ## - MAIN ENTRY--PERSONAL NAME
Personal name Mintzberg, Henry
245 ## - TITLE STATEMENT
Title The Rise and Fall of Strategic planning/
Statement of responsibility, etc. Henry Mintzberg.
260 ## - PUBLICATION, DISTRIBUTION, ETC. (IMPRINT)
Place of publication, distribution, etc. London:
Name of publisher, distributor, etc. Prentice Hall,
Date of publication, distribution, etc. 2000.
300 ## - PHYSICAL DESCRIPTION
Extent xix, 458p.
650 ## - SUBJECT ADDED ENTRY--TOPICAL TERM
Topical term or geographic name as entry element Strategic planning
942 ## - ADDED ENTRY ELEMENTS (KOHA)
Source of classification or shelving scheme Library of Congress Classification
Koha item type General Collection
Holdings
Withdrawn status Lost status Source of classification or shelving scheme Not for loan Home library Current library Date acquired Cost, normal purchase price Inventory number Total Checkouts Full call number Barcode Date last seen Copy number Price effective from Koha item type
    Library of Congress Classification   Kabarak, Main Campus Kabarak, Main Campus 10/12/2020 2829.00 2020/1632   HD 30.28 .M56 2000 C.1 029377 02/08/2024 C. 1 10/12/2020 General Collection